[Event "FIDE Chesscom Grand Swiss 2019"]
[Site "Douglas-Isle of Man"]
[Date "2019.10.20"]
[Round "10.34"]
[White "Narayanan.S.L"]
[Black "Melkumyan, Hrant"]
[Result "0-1"]
[WhiteElo "2611"]
[BlackElo "2650"]
[Annotator "ChessBase"]
[PlyCount "114"]
[EventDate "2019.10.10"]
[EventType "swiss"]
[EventCountry "GBR"]
[SourceTitle "playchess.com"]
[Source "ChessBase"]
[SourceQuality "1"]
[TimeControl "40/6000+30:20/3000+30:900+30"]

1. e4 {[%emt 0:00:00]} e5 {[%emt 0:01:41]} 2. Nf3 {[%emt 0:00:00]} Nc6 {[%emt 0:00:16]} 3. Bb5 {[%emt 0:00:00]} Nf6 {[%emt 0:00:20]} 4. d3 {[%emt 0:00:00]} Bc5 {[%emt 0:00:19]} 5. Bxc6 {[%emt 0:00:07]} dxc6 {[%emt 0:00:21]} 6. Nbd2 {[%emt 0:00:07]} Be6 {[%emt 0:00:37]} 7. O-O {[%emt 0:00:10]} Nd7 {[%emt 0:00:21]} 8. Nb3 {[%emt 0:00:10]} Be7 {[%emt 0:00:10]} 9. d4 {[%emt 0:02:01]} f6 {[%emt 0:00:43]} 10. Na5 {[%emt 0:04:21]} Rb8 {[%emt 0:00:45]} 11. dxe5 {[%emt 0:00:06]} Nxe5 {[%emt 0:00:35]} 12. Nxe5 {[%emt 0:03:24]} Qxd1 {[%emt 0:01:36]} 13. Rxd1 {[%emt 0:00:05]} fxe5 {[%emt 0:00:10]} 14. Be3 {[%emt 0:11:43]} g5 {[%emt 0:02:26]} 15. a3 {[%emt 0:01:54]} g4 {[%emt 0:05:10]} 16. Rd3 {[%emt 0:02:51]} a6 {[%emt 0:03:43]} 17. Ba7 {[%emt 0:01:47]} Ra8 {[%emt 0:00:09]} 18. Be3 {[%emt 0:00:04]} Rb8 {[%emt 0:00:40]} 19. Rc3 {[%emt 0:01:08]} Bd6 {[%emt 0:12:35]} 20. Ba7 {[%emt 0:05:20]} Ra8 {[%emt 0:00:52]} 21. Bc5 {[%emt 0:06:21]} Rb8 {[%emt 0:01:12]} 22. Rd1 {[%emt 0:01:58]} Ke7 {[%emt 0:04:14]} 23. Ba7 {[%emt 0:01:42]} Ra8 {[%emt 0:02:51]} 24. Be3 {[%emt 0:00:09]} Rab8 {[%emt 0:01:15]} 25. b4 {[%emt 0:01:31]} h5 {[%emt 0:07:49]} 26. Rcd3 {[%emt 0:31:20]} Rhf8 {[%emt 0:09:32]} 27. Ba7 {[%emt 0:01:19]} Ra8 {[%emt 0:00:33]} 28. Be3 {[%emt 0:00:35]} Rab8 {[%emt 0:00:07]} 29. Ba7 {[%emt 0:22:03]} Ra8 {[%emt 0:01:18]} 30. Bc5 {[%emt 0:07:23]} Bxc5 {[%emt 0:02:56]} 31. bxc5 {[%emt 0:00:01]} Rf4 {[%emt 0:03:51]} 32. Nxb7 {[%emt 0:00:22]} Rxe4 {[%emt 0:01:19]} 33. Na5 {[%emt 0:00:04]} Kf6 {[%emt 0:01:44]} 34. f3 {[%emt 0:00:35]} Re2 {[%emt 0:00:58]} 35. R3d2 {[%emt 0:02:25]} gxf3 {[%emt 0:01:15]} 36. gxf3 {[%emt 0:00:05]} Rg8+ {[%emt 0:02:47]} 37. Kf1 {[%emt 0:00:04]} Re3 {[%emt 0:00:19]} 38. Rd3 {[%emt 0:01:28]} Rxd3 {[%emt 0:07:10]} 39. cxd3 {[%emt 0:00:04]} Bd5 {[%emt 0:00:23]} 40. Kf2 {[%emt 0:00:11]} Rb8 {[%emt 0:02:25]} 41. Rc1 {[%emt 0:15:41]} Kf5 {[%emt 1:07:15]} 42. Nc4 {[%emt 0:00:00]} Kf4 {[%emt 0:00:00]} 43. Ne3 {[%emt 0:08:36]} Rb3 {[%emt 0:00:00]} 44. Ng2+ {[%emt 0:00:25]} Kg5 {[%emt 0:00:00]} 45. h4+ {[%emt 0:07:50]} Kf6 {[%emt 0:00:00]} 46. Ne3 {[%emt 0:03:42]} Rxa3 {[%emt 0:00:00]} 47. Rb1 {[%emt 0:01:45]} Bb3 {[%emt 0:00:00]} 48. Nc4 {[%emt 0:08:26]} Bxc4 {[%emt 0:00:00]} 49. dxc4 {[%emt 0:00:04]} Ra4 {[%emt 0:00:00]} 50. Kg3 {[%emt 0:03:02]} a5 {[%emt 0:00:00]} 51. Rb7 {[%emt 0:05:57]} Rxc4 {[%emt 0:00:00]} 52. Rxc7 {[%emt 0:00:05]} Rxc5 {[%emt 0:00:00]} 53. Ra7 {[%emt 0:00:02]} Ke6 {[%emt 0:00:00]} 54. Rh7 {[%emt 0:00:05]} a4 {[%emt 0:00:00]} 55. Rxh5 {[%emt 0:01:19]} a3 {[%emt 0:00:00]} 56. Rh6+ {[%emt 0:00:06]} Kd5 {[%emt 0:00:00]} 57. Rh8 {[%emt 0:00:15]} Ra5 {[%emt 0:00:00]} 0-1

[Event "FIDE Chesscom Grand Swiss 2019"]
[Site "Douglas-Isle of Man"]
[Date "2019.10.20"]
[Round "10.34"]
[White "Stefanova, Antoaneta"]
[Black "Danielian, Elina"]
[Result "1/2-1/2"]
[WhiteElo "2479"]
[BlackElo "2385"]
[Annotator "TA"]
[PlyCount "79"]
[EventDate "2019.10.10"]
[EventType "swiss"]
[EventCountry "GBR"]
[SourceTitle "playchess.com"]
[Source "ChessBase"]
[SourceQuality "1"]

{[%evp 13,79,43,38,35,27,25,34,18,12,21,6,8,12,15,5,6,20,0,26,12,37,0,35,10,24,0,95,44,79,82,121,124,124,122,125,127,118,123,118,100,102,7,229,230,433,433,435,395,499,318,297,272,260,7,7,7,7,11,12,12,12,11,30,0,0,0,16,0]} 1. d4 Nf6 2. c4 e6 3. Nf3 c5 4. d5 exd5 5. cxd5 d6 6. Nc3 g6 7. Bf4 Bg7 8. e3 {A61: Modern Benoni: Nf3 without early e4} O-O 9. h3 Na6 10. Bc4 {White is slightly better.} Nc7 11. a4 a6 12. O-O Rb8 13. a5 b5 14. axb6 $1 Rxb6 15. Qc2 {[#]} Qe7 $146 ({Predecessor:} 15... Rb4) 16. Rfe1 Re8 17. Nd2 $36 {[%mdl 2048] White is more active.} Bd7 18. Ba2 Bb5 19. e4 Nh5 (19... Nd7 $1 $11) 20. Be3 ({White should play} 20. Bh2 $16) 20... Rb7 21. Nf3 Nf6 {[%cal Rf6e4] [#]} 22. e5 $1 {[%mdl 512]} dxe5 23. Rad1 {d6 is the strong threat.} Qd6 {[#]} 24. Ng5 $1 c4 {[%cal Rc7d5]} 25. Nce4 Nxe4 26. Nxe4 Qb4 27. b3 (27. Ra1 $16) 27... cxb3 $2 (27... Nxd5 $1 $11 {and Black stays safe.} 28. Bc5 Qa5) 28. Bxb3 $18 Bd7 $2 (28... Bd3 {might work better.} 29. Qxd3 Qxb3) 29. Rb1 Nb5 {[#]} 30. d6 $1 {[%mdl 512] Hoping for Bxf7+!} Qa5 (30... Nxd6 31. Nxd6) 31. Bxf7+ Kxf7 32. Ng5+ Kg8 33. Qb3+ $2 (33. Bd2 $18 Qb6 34. Qb3+ Be6 35. Nxe6) 33... Be6 $1 $11 {[%cal Re6b3]} 34. d7 $1 {[%cal Rd7e8]} Rxd7 35. Nxe6 Qc3 {aiming for ...Qxb3.} 36. Qa2 {Threatens to win with Nc7+.} Qa3 37. Qc4 {Black must now prevent Nc7+.} Qc3 38. Qa2 {And now Nc7+ would win.} (38. Qg4 $5 {[%cal Rb1c1]} Qc6 39. Nxg7 Kxg7 40. Rbc1 $11) 38... Qa3 39. Qc4 {Strongly threatening Nc7+.} Qc3 40. Qa2 {Accuracy: White = 53%, Black = 58%.} 1/2-1/2

[Event "FIDE Chesscom Grand Swiss 2019"]
[Site "Douglas-Isle of Man"]
[Date "2019.10.20"]
[Round "10.35"]
[White "Munguntuul, Batkhuyag"]
[Black "Prithu Gupta"]
[Result "1-0"]
[WhiteElo "2421"]
[BlackElo "2493"]
[Annotator "ChessBase"]
[PlyCount "91"]
[EventDate "2019.10.10"]
[EventType "swiss"]
[EventCountry "GBR"]
[SourceTitle "playchess.com"]
[Source "ChessBase"]
[SourceQuality "1"]
[TimeControl "40/6000+30:20/3000+30:900+30"]

1. e4 {[%emt 0:00:00]} e5 {[%emt 0:00:00]} 2. Nf3 {[%emt 0:00:00]} Nc6 {[%emt 0:00:00]} 3. Bb5 {[%emt 0:00:00]} g6 {[%emt 0:00:00]} 4. c3 {[%emt 0:00:51]} a6 {[%emt 0:00:00]} 5. Ba4 {[%emt 0:00:43]} Bg7 {[%emt 0:00:00]} 6. d4 {[%emt 0:02:48]} exd4 {[%emt 0:00:00]} 7. cxd4 {[%emt 0:00:08]} b5 {[%emt 0:00:05]} 8. Bc2 {[%emt 0:00:48]} d6 {[%emt 0:00:05]} 9. d5 {[%emt 0:03:32]} Nce7 {[%emt 0:00:07]} 10. O-O {[%emt 0:01:51]} Nf6 {[%emt 0:00:04]} 11. Nc3 {[%emt 0:06:46]} O-O {[%emt 0:00:08]} 12. Bg5 {[%emt 0:08:17]} h6 {[%emt 0:01:39]} 13. Be3 {[%emt 0:00:10]} Bb7 {[%emt 0:00:38]} 14. Qd2 {[%emt 0:00:19]} Kh7 {[%emt 0:07:40]} 15. Rad1 {[%emt 0:03:55]} c6 {[%emt 0:19:39]} 16. dxc6 {[%emt 0:06:54]} Bxc6 {[%emt 0:00:07]} 17. Bd4 {[%emt 0:08:30]} b4 {[%emt 0:01:45]} 18. Ne2 {[%emt 0:00:34]} Bb5 {[%emt 0:01:39]} 19. Rfe1 {[%emt 0:04:12]} Nc6 {[%emt 0:01:34]} 20. b3 {[%emt 0:05:54]} Rc8 {[%emt 0:08:55]} 21. Bb2 {[%emt 0:07:17]} Ng4 {[%emt 0:01:00]} 22. Bxg7 {[%emt 0:03:29]} Kxg7 {[%emt 0:00:06]} 23. Qxd6 {[%emt 0:04:54]} Qxd6 {[%emt 0:01:47]} 24. Rxd6 {[%emt 0:00:03]} Rfd8 {[%emt 0:06:50]} 25. Rxd8 {[%emt 0:01:42]} Rxd8 {[%emt 0:00:05]} 26. Nf4 {[%emt 0:00:54]} a5 {[%emt 0:02:01]} 27. e5 {[%emt 0:08:34]} Re8 {[%emt 0:06:57]} 28. e6 {[%emt 0:01:39]} Nf6 {[%emt 0:00:22]} 29. h4 {[%emt 0:02:20]} Nh5 {[%emt 0:02:23]} 30. Nxh5+ {[%emt 0:02:46]} gxh5 {[%emt 0:00:05]} 31. exf7 {[%emt 0:00:30]} Rxe1+ {[%emt 0:00:07]} 32. Nxe1 {[%emt 0:00:03]} Nd4 {[%emt 0:03:00]} 33. Bd1 {[%emt 0:02:36]} Bd7 {[%emt 0:03:54]} 34. Nc2 {[%emt 0:05:04]} Nb5 {[%emt 0:01:37]} 35. Bxh5 {[%emt 0:00:10]} Nc3 {[%emt 0:01:03]} 36. Nd4 {[%emt 0:09:04]} Nxa2 {[%emt 0:00:06]} 37. f4 {[%emt 0:00:12]} Nc3 {[%emt 0:02:01]} 38. Kf2 {[%emt 0:02:02]} Ne4+ {[%emt 0:03:20]} 39. Ke3 {[%emt 0:01:19]} Nf6 {[%emt 0:00:06]} 40. Bg6 {[%emt 0:00:58]} Nd5+ {[%emt 0:00:07]} 41. Ke4 {[%emt 0:50:29]} Ne7 {[%emt 0:50:26]} 42. h5 {[%emt 0:00:05]} Nc6 {[%emt 0:00:26]} 43. f5 {[%emt 0:02:36]} Nd8 {[%emt 0:02:12]} 44. Nf3 {[%emt 0:05:48]} Bc6+ {[%emt 0:02:46]} 45. Ke3 {[%emt 0:00:59]} Bxf3 {[%emt 0:00:26]} 46. Kxf3 {[%emt 0:00:21]} 1-0

[Event "FIDE Chesscom Grand Swiss 2019"]
[Site "Douglas-Isle of Man"]
[Date "2019.10.20"]
[Round "10.36"]
[White "Movsziszian, Karen"]
[Black "Allen, Keith"]
[Result "1-0"]
[WhiteElo "2475"]
[BlackElo "2161"]
[Annotator "ChessBase"]
[PlyCount "115"]
[EventDate "2019.10.10"]
[EventType "swiss"]
[EventCountry "GBR"]
[SourceTitle "playchess.com"]
[Source "ChessBase"]
[SourceQuality "1"]
[TimeControl "40/6000+30:20/3000+30:900+30"]

1. g3 {[%emt 0:00:00]} d5 {[%emt 0:01:21]} 2. Nf3 {[%emt 0:00:00]} Bg4 {[%emt 0:01:01]} 3. Bg2 {[%emt 0:02:38]} Nd7 {[%emt 0:00:37]} 4. c4 {[%emt 0:03:02]} e6 {[%emt 0:05:31]} 5. cxd5 {[%emt 0:12:25]} exd5 {[%emt 0:01:23]} 6. O-O {[%emt 0:00:22]} Ngf6 {[%emt 0:03:57]} 7. Nc3 {[%emt 0:00:31]} Be7 {[%emt 0:03:35]} 8. d3 {[%emt 0:00:54]} O-O {[%emt 0:04:07]} 9. h3 {[%emt 0:01:55]} Bxf3 {[%emt 0:01:54]} 10. Bxf3 {[%emt 0:00:03]} c6 {[%emt 0:01:26]} 11. Qc2 {[%emt 0:00:42]} Re8 {[%emt 0:07:12]} 12. e4 {[%emt 0:02:23]} Nc5 {[%emt 0:04:44]} 13. Rd1 {[%emt 0:10:20]} Ne6 {[%emt 0:13:14]} 14. Bg2 {[%emt 0:06:42]} Qa5 {[%emt 0:14:41]} 15. Ne2 {[%emt 0:09:39]} dxe4 {[%emt 0:02:36]} 16. dxe4 {[%emt 0:00:02]} Rad8 {[%emt 0:00:23]} 17. Be3 {[%emt 0:03:49]} Bc5 {[%emt 0:02:57]} 18. Bxc5 {[%emt 0:04:10]} Qxc5 {[%emt 0:00:51]} 19. Qb3 {[%emt 0:10:08]} Qb6 {[%emt 0:10:34]} 20. Qxb6 {[%emt 0:01:37]} axb6 {[%emt 0:00:04]} 21. e5 {[%emt 0:00:15]} Nd7 {[%emt 0:02:13]} 22. f4 {[%emt 0:00:15]} f5 {[%emt 0:03:57]} 23. b4 {[%emt 0:09:02]} b5 {[%emt 0:02:04]} 24. a4 {[%emt 0:01:05]} bxa4 {[%emt 0:01:17]} 25. Rxa4 {[%emt 0:00:03]} Nb6 {[%emt 0:00:26]} 26. Raa1 {[%emt 0:00:39]} Kf7 {[%emt 0:03:33]} 27. b5 {[%emt 0:01:55]} cxb5 {[%emt 0:01:49]} 28. Rdb1 {[%emt 0:00:16]} Na4 {[%emt 0:07:54]} 29. Rxb5 {[%emt 0:02:57]} Nac5 {[%emt 0:01:17]} 30. Bxb7 {[%emt 0:00:42]} Rd2 {[%emt 0:00:14]} 31. Bf3 {[%emt 0:00:47]} Re7 {[%emt 0:00:28]} 32. Rc1 {[%emt 0:06:48]} Rc7 {[%emt 0:02:28]} 33. h4 {[%emt 0:01:40]} g6 {[%emt 0:00:32]} 34. Rb6 {[%emt 0:00:52]} Ke7 {[%emt 0:01:46]} 35. Kf1 {[%emt 0:05:50]} Rcd7 {[%emt 0:01:22]} 36. Rb8 {[%emt 0:05:16]} Kf7 {[%emt 0:00:36]} 37. Ra1 {[%emt 0:05:45]} Rd1+ {[%emt 0:01:31]} 38. Rxd1 {[%emt 0:00:06]} Rxd1+ {[%emt 0:00:03]} 39. Kf2 {[%emt 0:00:26]} Rd3 {[%emt 0:01:44]} 40. Ra8 {[%emt 0:00:26]} Rd7 {[%emt 0:01:53]} 41. Bc6 {[%emt 0:51:24]} Rd3 {[%emt 0:15:00]} 42. Ra7+ {[%emt 0:00:00]} Kg8 {[%emt 0:02:04]} 43. Bb5 {[%emt 0:00:00]} Rb3 {[%emt 0:04:21]} 44. Bc4 {[%emt 0:00:00]} Rb4 {[%emt 0:01:00]} 45. Bd5 {[%emt 0:00:00]} Kh8 {[%emt 0:00:07]} 46. Ke3 {[%emt 0:00:00]} h6 {[%emt 0:01:29]} 47. Re7 {[%emt 0:00:00]} Rb6 {[%emt 0:02:11]} 48. Nd4 {[%emt 0:00:00]} Nxd4 {[%emt 0:00:30]} 49. Kxd4 {[%emt 0:00:00]} Ne4 {[%emt 0:01:33]} 50. Bxe4 {[%emt 0:00:00]} Rb4+ {[%emt 0:03:11]} 51. Kd5 {[%emt 0:00:00]} fxe4 {[%emt 0:01:34]} 52. Ra7 {[%emt 0:00:00]} e3 {[%emt 0:04:23]} 53. Ra3 {[%emt 0:00:00]} Kg7 {[%emt 0:03:36]} 54. Rxe3 {[%emt 0:00:00]} Kf7 {[%emt 0:00:25]} 55. Ra3 {[%emt 0:00:00]} Rb7 {[%emt 0:04:55]} 56. Ra6 {[%emt 0:00:00]} h5 {[%emt 0:01:04]} 57. Rf6+ {[%emt 0:00:00]} Kg7 {[%emt 0:00:06]} 58. Rc6 {[%emt 0:01:37]} 1-0

[Event "FIDE Chesscom Grand Swiss 2019"]
[Site "Douglas-Isle of Man"]
[Date "2019.10.20"]
[Round "10.37"]
[White "Cramling, Pia"]
[Black "Sebag, Marie"]
[Result "1-0"]
[WhiteElo "2462"]
[BlackElo "2445"]
[Annotator "ChessBase"]
[PlyCount "67"]
[EventDate "2019.10.10"]
[EventType "swiss"]
[EventCountry "GBR"]
[SourceTitle "playchess.com"]
[Source "ChessBase"]
[SourceQuality "1"]
[TimeControl "40/6000+30:20/3000+30:900+30"]

1. d4 {[%emt 0:00:00]} d5 {[%emt 0:00:00]} 2. Nf3 {[%emt 0:00:00]} Nf6 {[%emt 0:00:00]} 3. c4 {[%emt 0:00:00]} c6 {[%emt 0:00:00]} 4. e3 {[%emt 0:00:00]} Bf5 {[%emt 0:00:04]} 5. Nc3 {[%emt 0:00:07]} e6 {[%emt 0:00:14]} 6. Nh4 {[%emt 0:00:16]} Bg6 {[%emt 0:00:15]} 7. Be2 {[%emt 0:00:36]} Nbd7 {[%emt 0:01:19]} 8. g3 {[%emt 0:00:15]} Bd6 {[%emt 0:08:10]} 9. O-O {[%emt 0:00:27]} dxc4 {[%emt 0:05:47]} 10. Nxg6 {[%emt 0:03:03]} hxg6 {[%emt 0:01:18]} 11. Bxc4 {[%emt 0:00:14]} Nb6 {[%emt 0:01:39]} 12. Be2 {[%emt 0:03:29]} e5 {[%emt 0:01:55]} 13. dxe5 {[%emt 0:11:52]} Bxe5 {[%emt 0:03:05]} 14. Qxd8+ {[%emt 0:01:18]} Rxd8 {[%emt 0:00:08]} 15. Rd1 {[%emt 0:00:38]} Ke7 {[%emt 0:16:24]} 16. Bd2 {[%emt 0:01:12]} g5 {[%emt 0:01:37]} 17. e4 {[%emt 0:15:23]} g4 {[%emt 0:06:44]} 18. Bg5 {[%emt 0:00:29]} Ke6 {[%emt 0:00:30]} 19. Bxg4+ {[%emt 0:11:13]} Nxg4 {[%emt 0:00:12]} 20. Rxd8 {[%emt 0:00:08]} Rxd8 {[%emt 0:00:57]} 21. Bxd8 {[%emt 0:00:07]} Nc4 {[%emt 0:00:12]} 22. Nd1 {[%emt 0:09:28]} Bd4 {[%emt 0:09:22]} 23. Kf1 {[%emt 0:12:27]} Nge5 {[%emt 0:07:25]} 24. Ke2 {[%emt 0:01:10]} Nxb2 {[%emt 0:08:21]} 25. Nxb2 {[%emt 0:04:03]} Bxb2 {[%emt 0:00:10]} 26. Rd1 {[%emt 0:00:52]} c5 {[%emt 0:04:19]} 27. Bc7 {[%emt 0:15:55]} Nc6 {[%emt 0:05:16]} 28. Rb1 {[%emt 0:01:26]} Bd4 {[%emt 0:09:12]} 29. Rxb7 {[%emt 0:00:38]} g5 {[%emt 0:01:34]} 30. f4 {[%emt 0:01:30]} c4 {[%emt 0:00:22]} 31. fxg5 {[%emt 0:01:25]} Bc5 {[%emt 0:01:12]} 32. Bf4 {[%emt 0:01:01]} a5 {[%emt 0:04:19]} 33. Rc7 {[%emt 0:02:15]} Nd4+ {[%emt 0:00:31]} 34. Kd1 {[%emt 0:00:42]} 1-0

[Event "FIDE Chesscom Grand Swiss 2019"]
[Site "Douglas-Isle of Man"]
[Date "2019.10.20"]
[Round "10.38"]
[White "Gavrilescu, David"]
[Black "Clarke, Brandon G I"]
[Result "1-0"]
[WhiteElo "2451"]
[BlackElo "2445"]
[Annotator "ChessBase"]
[PlyCount "69"]
[EventDate "2019.10.10"]
[EventType "swiss"]
[EventCountry "GBR"]
[SourceTitle "playchess.com"]
[Source "ChessBase"]
[SourceQuality "1"]
[TimeControl "40/6000+30:20/3000+30:900+30"]

1. e4 {[%emt 0:00:00]} c5 {[%emt 0:00:00]} 2. Nf3 {[%emt 0:00:20]} d6 {[%emt 0:00:00]} 3. Bb5+ {[%emt 0:00:32]} Nd7 {[%emt 0:00:00]} 4. c3 {[%emt 0:00:25]} Ngf6 {[%emt 0:00:01]} 5. Bd3 {[%emt 0:00:31]} g5 {[%emt 0:04:01]} 6. h3 {[%emt 0:06:35]} Rg8 {[%emt 0:00:26]} 7. Bc2 {[%emt 0:04:27]} h5 {[%emt 0:04:44]} 8. d4 {[%emt 0:05:21]} g4 {[%emt 0:04:38]} 9. hxg4 {[%emt 0:02:02]} hxg4 {[%emt 0:00:33]} 10. Nfd2 {[%emt 0:04:24]} e6 {[%emt 0:17:12]} 11. Nf1 {[%emt 0:03:16]} b5 {[%emt 0:01:16]} 12. Qe2 {[%emt 0:08:21]} Bb7 {[%emt 0:05:44]} 13. Ng3 {[%emt 0:04:52]} Qc7 {[%emt 0:05:06]} 14. Be3 {[%emt 0:07:48]} a6 {[%emt 0:23:22]} 15. a4 {[%emt 0:09:35]} bxa4 {[%emt 0:11:56]} 16. Rxa4 {[%emt 0:06:46]} Nb6 {[%emt 0:04:24]} 17. Ra1 {[%emt 0:01:41]} cxd4 {[%emt 0:03:33]} 18. Bxd4 {[%emt 0:02:19]} e5 {[%emt 0:07:00]} 19. Bxb6 {[%emt 0:01:19]} Qxb6 {[%emt 0:00:03]} 20. Ba4+ {[%emt 0:00:13]} Kd8 {[%emt 0:03:47]} 21. Nd2 {[%emt 0:02:54]} Rc8 {[%emt 0:00:45]} 22. Bb3 {[%emt 0:07:36]} Rc7 {[%emt 0:00:21]} 23. Ra4 {[%emt 0:01:49]} Kc8 {[%emt 0:03:48]} 24. Rb4 {[%emt 0:05:26]} Qa5 {[%emt 0:01:18]} 25. Nc4 {[%emt 0:01:45]} Qc5 {[%emt 0:01:23]} 26. Nb6+ {[%emt 0:02:18]} Kb8 {[%emt 0:00:55]} 27. Nd5 {[%emt 0:02:06]} Nxd5 {[%emt 0:00:50]} 28. Bxd5 {[%emt 0:00:02]} Be7 {[%emt 0:02:13]} 29. O-O {[%emt 0:03:50]} Qa5 {[%emt 0:03:07]} 30. Nf5 {[%emt 0:04:42]} Bf8 {[%emt 0:00:30]} 31. g3 {[%emt 0:01:09]} Rg5 {[%emt 0:01:14]} 32. Qd1 {[%emt 0:05:14]} Qc5 {[%emt 0:01:11]} 33. Qb3 {[%emt 0:00:14]} Qa7 {[%emt 0:00:11]} 34. Bxb7 {[%emt 0:00:12]} Rxb7 {[%emt 0:00:04]} 35. Qxf7 {[%emt 0:00:07]} 1-0

[Event "FIDE Chesscom Grand Swiss 2019"]
[Site "Douglas-Isle of Man"]
[Date "2019.10.20"]
[Round "10.39"]
[White "Zatonskih, Anna"]
[Black "Rodshtein, Maxim"]
[Result "0-1"]
[WhiteElo "2422"]
[BlackElo "2684"]
[Annotator "TA"]
[PlyCount "70"]
[EventDate "2019.10.10"]
[EventType "swiss"]
[EventCountry "GBR"]
[SourceTitle "playchess.com"]
[Source "ChessBase"]
[SourceQuality "1"]

{[%evp 11,121,10,27,28,15,26,27,14,51,24,27,-2,53,56,66,28,27,31,31,26,41,42,95,76,60,40,79,67,66,55,34,0,71,61,75,69,67,0,14,15,6,18,19,-8,-12,-20,9,-78,-80,-64,-64,-272,-110,-177,-35,-62,-23,-27,-33,-39,0,0,0,0,0,-39,-39,-38,-29,-35,-19,-34,-35,-37,-17,-61,0,-50,0,0,0,0,0,0,0,0,0,0,0,0,0,-96,-104,-116,-178,-599,-559,-618,-477,-29965,-29966,-29966,-29967,-29977,-691,-29951,-5614,-29996,-29997,-29997,-29998,-29999]} 1. d4 Nf6 2. Nf3 e6 3. g3 b5 4. Bg2 d5 5. O-O Nbd7 6. a4 b4 7. c4 {D02: 1 d4 d5 2 Nf3 sidelines, including 2...Nf6 3 g3 and 2...Nf6 3 Bf4} bxc3 8. Nxc3 Bb7 9. Bf4 {Threatens to win with Nb5.White has an edge.} a6 10. Rc1 Rc8 (10... Be7 11. b4 Bxb4 {1-0 (32) Mikhalevski,V (2579)-Riazantsev,A (2649) St Petersburg 2018}) 11. b4 $146 ({Predecessor:} 11. Qb3 Ba8 12. Na2 c5 13. dxc5 Nxc5 14. Qd1 a5 {0-1 (60) Majer,J (2265)-Ivanov,O (2506) Pardubice 2012}) 11... h6 (11... Bxb4 $11 12. Rb1 Bxc3) 12. Rb1 $14 Bd6 13. Bxd6 cxd6 14. Qb3 Nb6 15. Rfc1 Nc4 16. Qa2 Nd7 (16... O-O $14) 17. e3 O-O 18. Nd2 Ndb6 19. Nb3 Bc6 20. Bf1 Qd7 {[%cal Rb6a4]} 21. a5 Na8 (21... Na4 $11) 22. e4 Nc7 23. exd5 exd5 24. Bg2 (24. Nd2 $14) 24... Qf5 $11 25. Nd2 Nb5 26. Nxb5 Bxb5 27. Nf3 Rfe8 28. Nh4 Qf6 29. Rd1 (29. Bxd5 $11 Qxd4 30. Rd1) 29... g5 $17 30. Nf3 Re4 31. Qa1 $2 (31. Rbc1 $15) 31... Rce8 (31... g4 $1 $19 {[%cal Rg4f3]} 32. Nh4 Re2) 32. h3 (32. Re1 $17) 32... Bd7 (32... Re2 $19 {White must now prevent ...h5.} 33. Qc3 Kg7) 33. Qc3 Rc8 {...Ne3 is the strong threat.} (33... Re2 $5 {[%cal Rd7h3]} 34. Rbc1 h5 $17) 34. Qb3 Re2 35. Bf1 Ree8 {Played: Re2-e3} 0-1

[Event "FIDE Chesscom Grand Swiss 2019"]
[Site "Douglas-Isle of Man"]
[Date "2019.10.20"]
[Round "10.40"]
[White "Batsiashvili, Nino"]
[Black "Solomon, Kenny"]
[Result "1-0"]
[WhiteElo "2422"]
[BlackElo "2382"]
[Annotator "NA"]
[PlyCount "99"]
[EventDate "2019.10.10"]
[EventType "swiss"]
[EventCountry "GBR"]
[SourceTitle "playchess.com"]
[Source "ChessBase"]
[SourceQuality "1"]
[TimeControl "40/6000+30:20/3000+30:900+30"]

1. c4 {[%emt 0:00:00]} e5 {[%emt 0:00:00]} 2. Nc3 {[%emt 0:00:00]} Nf6 {[%emt 0:00:00]} 3. Nf3 {[%emt 0:00:00]} Nc6 {[%emt 0:00:03]} 4. e4 {[%emt 0:00:00]} Bb4 {[%emt 0:00:16]} 5. d3 {[%emt 0:00:11]} d6 {[%emt 0:00:42]} 6. a3 {[%emt 0:00:07]} Bc5 {[%emt 0:00:35]} 7. b4 {[%emt 0:00:18]} Bb6 {[%emt 0:00:17]} 8. Be2 {[%emt 0:02:24]} Bg4 {[%emt 0:04:07]} 9. O-O {[%emt 0:06:10]} Bxf3 {[%emt 0:17:04]} 10. Bxf3 {[%emt 0:00:03]} Nd4 {[%emt 0:00:31]} 11. g3 {[%emt 0:03:17]} Nxf3+ {[%emt 0:15:03]} 12. Qxf3 {[%emt 0:01:07]} Bd4 {[%emt 0:00:09]} 13. Bd2 {[%emt 0:00:34]} Qd7 {[%emt 0:08:13]} 14. Rac1 {[%emt 0:01:51]} c6 {[%emt 0:00:16]} 15. Ne2 {[%emt 0:04:25]} Bb6 {[%emt 0:01:33]} 16. Rfd1 {[%emt 0:20:25]} O-O {[%emt 0:05:30]} 17. c5 {[%emt 0:07:42]} dxc5 {[%emt 0:07:22]} 18. bxc5 {[%emt 0:00:09]} Bd8 {[%emt 0:01:07]} 19. Bc3 {[%emt 0:05:44]} Re8 {[%emt 0:07:40]} 20. d4 {[%emt 0:03:39]} exd4 {[%emt 0:04:03]} 21. Nxd4 {[%emt 0:01:11]} Qh3 {[%emt 0:21:01]} 22. Nf5 {[%emt 0:07:16]} Ng4 {[%emt 0:02:06]} 23. Qg2 {[%emt 0:04:10]} Qxg2+ {[%emt 0:00:23]} 24. Kxg2 {[%emt 0:00:01]} Bf6 {[%emt 0:01:51]} 25. f3 {[%emt 0:08:43]} Bxc3 {[%emt 0:01:29]} 26. Rxc3 {[%emt 0:01:20]} Nf6 {[%emt 0:00:57]} 27. Rb1 {[%emt 0:00:49]} Reb8 {[%emt 0:07:16]} 28. Rcb3 {[%emt 0:02:12]} Nd7 {[%emt 0:00:45]} 29. Rxb7 {[%emt 0:05:35]} Rxb7 {[%emt 0:00:06]} 30. Rxb7 {[%emt 0:00:07]} Nxc5 {[%emt 0:00:06]} 31. Rc7 {[%emt 0:00:26]} Ne6 {[%emt 0:00:24]} 32. Rxc6 {[%emt 0:00:21]} Rb8 {[%emt 0:00:38]} 33. Ne7+ {[%emt 0:02:30]} Kf8 {[%emt 0:00:41]} 34. Rc8+ {[%emt 0:00:14]} Rxc8 {[%emt 0:00:04]} 35. Nxc8 {[%emt 0:00:03]} a6 {[%emt 0:00:32]} 36. Kf2 {[%emt 0:00:10]} Ke8 {[%emt 0:04:45]} 37. Nd6+ {[%emt 0:00:40]} Ke7 {[%emt 0:00:00]} 38. Nc4 {[%emt 0:00:13]} g6 {[%emt 0:00:25]} 39. Ke3 {[%emt 0:00:18]} f5 {[%emt 0:00:19]} 40. e5 {[%emt 0:04:55]} Kd7 {[%emt 0:00:42]} 41. Na5 {[%emt 0:53:07]} Nc7 {[%emt 0:08:56]} 42. a4 {[%emt 0:00:00]} Nd5+ {[%emt 0:29:52]} 43. Kd4 {[%emt 0:00:00]} Nb6 {[%emt 0:00:03]} 44. Nb3 {[%emt 0:00:00]} Nxa4 {[%emt 0:00:08]} 45. Nc5+ {[%emt 0:00:00]} Nxc5 {[%emt 0:00:03]} 46. Kxc5 {[%emt 0:00:00]} g5 {[%emt 0:01:17]} 47. f4 {[%emt 0:00:00]} gxf4 {[%emt 0:00:06]} 48. gxf4 {[%emt 0:00:00]} Kc7 {[%emt 0:03:02]} 49. h4 {[%emt 0:00:00]} h5 {[%emt 0:03:41]} 50. Kb4 {[%emt 0:00:00]} 1-0